|
|
|
|
| LEADER |
00672naa a2200169 i 4500 |
| 001 |
publ5186 |
| 005 |
20180926151046.0 |
| 008 |
150417s2014 hu o 0|| zxx d |
| 024 |
7 |
|
|a 2719520
|2 mtmt
|
| 040 |
|
|
|a SZTE Publicatio Repozitórium
|b hun
|
| 041 |
|
|
|a zxx
|
| 100 |
1 |
|
|a Hegyi Ádám Alex
|
| 245 |
1 |
4 |
|a Die Universität zu Basel und die ungarischen Studenten reformierten Bekenntnisses
|h [elektronikus dokumentum] /
|c Hegyi Ádám Alex
|
| 260 |
|
|
|a Mohr Siebeck Verlag
|b Tübingen
|c 2014
|
| 300 |
|
|
|a 339-355
|
| 490 |
0 |
|
|a Basel als Zentrum des geistigen Austausch in der frühen Reformation
|
| 856 |
4 |
0 |
|u http://publicatio.bibl.u-szeged.hu/5186/1/Hegyi-339-355.pdf
|z Dokumentum-elérés
|